| 000 | 00354nam a2200145Ia 4500 | ||
|---|---|---|---|
| 008 | 150201s2010 xx 000 0 und d | ||
| 082 |
_a610 _bC10A |
||
| 100 | _aANDREOLI, THOMAS | ||
| 245 | _aCECLL ESSENTIALS OF MEDICINE | ||
| 250 | _a8TH | ||
| 260 |
_bELSEVIER _aDELHI _c2010 |
||
| 300 | _a1-1282 | ||
| 650 | _aMEDICINE AND DIAGNOSIS | ||
| 942 |
_2ddc _cBK |
||
| 999 |
_c1281 _d1281 |
||